Loading...
| Literature - World Literature | 5 | 2 | 0 | 0 | 95 | 32 | 57.86 | 4 | 7 |
| Literature - British Literature | 3 | 3 | 0 | 0 | 75 | 24 | 77.17 | 4 | 5 |
| Science - Chemistry | 3 | 3 | 1 | 2 | 70 | 15 | 73.17 | 3 | 5 |
| Science - Biology | 4 | 1 | 2 | 0 | 60 | 22 | 46.60 | 2 | 5 |
| Literature - American Literature | 2 | 2 | 1 | 0 | 45 | 35 | 66.50 | 3 | 4 |
| Fine Arts - Auditory Fine Arts | 1 | 0 | 0 | 0 | 15 | 24 | 24.00 | 1 | 1 |
| History - World History | 0 | 1 | 0 | 0 | 10 | 85 | 85.00 | 0 | 1 |
| Science - Physics | 0 | 1 | 0 | 0 | 10 | 130 | 130.00 | 0 | 1 |
| Social Science | 1 | 0 | 1 | 0 | 10 | 61 | 61.00 | 1 | 1 |
| Literature - European Literature | 0 | 1 | 2 | 0 | 0 | 105 | 105.00 | 0 | 1 |